<?xml version="1.0" encoding="UTF-8"?><?xml-stylesheet type="text/xsl" href="static/style.xsl"?><OAI-PMH xmlns="http://www.openarchives.org/OAI/2.0/" xmlns:xsi="http://www.w3.org/2001/XMLSchema-instance" xsi:schemaLocation="http://www.openarchives.org/OAI/2.0/ http://www.openarchives.org/OAI/2.0/OAI-PMH.xsd"><responseDate>2026-04-14T08:23:33Z</responseDate><request verb="GetRecord" identifier="oai:www.recercat.cat:20.500.12327/586" metadataPrefix="marc">https://recercat.cat/oai/request</request><GetRecord><record><header><identifier>oai:recercat.cat:20.500.12327/586</identifier><datestamp>2025-10-22T11:05:05Z</datestamp><setSpec>com_2072_4428</setSpec><setSpec>com_2072_4427</setSpec><setSpec>col_2072_487898</setSpec></header><metadata><record xmlns="http://www.loc.gov/MARC21/slim" xmlns:dcterms="http://purl.org/dc/terms/" xmlns:xsi="http://www.w3.org/2001/XMLSchema-instance" xmlns:doc="http://www.lyncode.com/xoai" xsi:schemaLocation="http://www.loc.gov/MARC21/slim http://www.loc.gov/standards/marcxml/schema/MARC21slim.xsd">
   <leader>00925njm 22002777a 4500</leader>
   <datafield ind2=" " ind1=" " tag="042">
      <subfield code="a">dc</subfield>
   </datafield>
   <datafield ind2=" " ind1=" " tag="720">
      <subfield code="a">Kallas, Z.</subfield>
      <subfield code="e">author</subfield>
   </datafield>
   <datafield ind2=" " ind1=" " tag="720">
      <subfield code="a">Varela, E.</subfield>
      <subfield code="e">author</subfield>
   </datafield>
   <datafield ind2=" " ind1=" " tag="720">
      <subfield code="a">Čandek-Potokar, M.</subfield>
      <subfield code="e">author</subfield>
   </datafield>
   <datafield ind2=" " ind1=" " tag="720">
      <subfield code="a">Pugliese, C.</subfield>
      <subfield code="e">author</subfield>
   </datafield>
   <datafield ind2=" " ind1=" " tag="720">
      <subfield code="a">Cerjak, M.</subfield>
      <subfield code="e">author</subfield>
   </datafield>
   <datafield ind2=" " ind1=" " tag="720">
      <subfield code="a">Tomažin, U.</subfield>
      <subfield code="e">author</subfield>
   </datafield>
   <datafield ind2=" " ind1=" " tag="720">
      <subfield code="a">Karolyi, D.</subfield>
      <subfield code="e">author</subfield>
   </datafield>
   <datafield ind2=" " ind1=" " tag="720">
      <subfield code="a">Aquilani, C.</subfield>
      <subfield code="e">author</subfield>
   </datafield>
   <datafield ind2=" " ind1=" " tag="720">
      <subfield code="a">Vitale, M.</subfield>
      <subfield code="e">author</subfield>
   </datafield>
   <datafield ind2=" " ind1=" " tag="720">
      <subfield code="a">Gil, J.M.</subfield>
      <subfield code="e">author</subfield>
   </datafield>
   <datafield ind2=" " ind1=" " tag="260">
      <subfield code="c">2019-04-11</subfield>
   </datafield>
   <datafield ind2=" " ind1=" " tag="520">
      <subfield code="a">The EU is supporting measures that stimulate enhanced value-added products in order to conserve local and threatened livestock breeds. Several Traditional Pork Products (TPP) and Innovative Traditional Pork Products (ITPP) with health innovations from four untapped pig breeds in Spain (Porc Negre Mallorquí), Croatia (Turopolje), Italy (Cinta Senese) and Slovenia (Krškopolje) were analysed. Consumers' “Non-hypothetical” willingness to pay (WTP) and hedonic evaluation were investigated. An integrated experimental approach using two Non-Hypothetical Discrete Choice Experiment (NH-DCE) was carried out before and after a hedonic evaluation test. Results showed that the health innovative products (ITPP) received similar and even lower WTP than the “control” products (TPP) from the untapped pig breeds. The TPP outperformed products enriched with healthy ingredients or with reduced undesirable compounds. The potential demand for traditional and “unaltered” product from the rustic pig breeds could contribute to their conservation. A market niche exists, where consumers appreciate these high-quality products and where no “add-ons” are required to enhance their uptake.</subfield>
   </datafield>
   <datafield ind1="8" ind2=" " tag="024">
      <subfield code="a">Kallas, Z., E. Varela, M. Čandek-Potokar, C. Pugliese, M. Cerjak, U. Tomažin, D. Karolyi, C. Aquilani, M. Vitale, and J.M. Gil. 2019. "Can Innovations In Traditional Pork Products Help Thriving EU Untapped Pig Breeds? A Non-Hypothetical Discrete Choice Experiment With Hedonic Evaluation". Meat Science 154: 75-85. Elsevier BV. doi:10.1016/j.meatsci.2019.04.011.</subfield>
   </datafield>
   <datafield ind1="8" ind2=" " tag="024">
      <subfield code="a">0309-1740</subfield>
   </datafield>
   <datafield ind1="8" ind2=" " tag="024">
      <subfield code="a">http://hdl.handle.net/20.500.12327/586</subfield>
   </datafield>
   <datafield ind1="8" ind2=" " tag="024">
      <subfield code="a">https://doi.org/10.1016/j.meatsci.2019.04.011</subfield>
   </datafield>
   <datafield ind2="0" ind1="0" tag="245">
      <subfield code="a">Can innovations in traditional pork products help thriving EU untapped pig breeds? A non-hypothetical discrete choice experiment with hedonic evaluation</subfield>
   </datafield>
</record></metadata></record></GetRecord></OAI-PMH>